|
|
|
|
| LEADER |
01274nam a2200289 4500 |
| 001 |
c000038980 |
| 003 |
CARM |
| 005 |
00000000000000.0 |
| 008 |
730621s1973 caua bs 00000 eng |
| 019 |
1 |
|
|a 547505
|5 LACONCORD2021
|
| 035 |
|
|
|a (OCoLC)672550
|5 LACONCORD2021
|
| 043 |
|
|
|a n-us---
|
| 050 |
0 |
0 |
|a HD9715.U52
|b K37
|
| 100 |
1 |
|
|a Keating, W. Dennis
|q (William Dennis)
|
| 245 |
1 |
0 |
|a Emerging patterns of corporate entry into housing.
|
| 260 |
|
|
|a Berkeley,
|b Center for Real Estate and Urban Economics, Institute of Urban and Regional Development, University of California,
|c 1973.
|
| 300 |
|
|
|a viii, 152 p.
|b illus.
|c 28 cm.
|
| 410 |
2 |
0 |
|a University of California, Berkeley.
|b Center for Real Estate and Urban Economics.
|t Special report ;
|v 8
|
| 504 |
|
|
|a Bibliography: p. 148-152.
|
| 650 |
|
0 |
|a Construction industry
|z United States.
|
| 650 |
|
0 |
|a Industrialized building
|z United States.
|
| 650 |
|
0 |
|a Housing
|z United States.
|
| 650 |
|
0 |
|a Consolidation and merger of corporations
|z United States.
|
| 852 |
8 |
|
|b CARM
|h A2:AB31D0
|i D00950
|p 0043062
|f BK
|
| 082 |
0 |
4 |
|a 338.4/7/69080973
|
| 999 |
f |
f |
|i 64fc2b7a-e433-5eb2-891c-e7485ed7cd81
|s f3533818-2531-5bbb-a529-93296bd27d83
|
| 952 |
f |
f |
|p Can circulate
|a CAVAL
|b CAVAL
|c CAVAL
|d CARM 1 Store
|e D00950
|f A2:AB31D0
|h Other scheme
|i book
|m 0043062
|